000 01045nam a22002657a 4500
001 38340
003 BD-RjUL
005 20211209052757.0
008 151108s1980 ii ||||| |||| 00| 0 ben d
020 _c: Tk. 23.00
035 _a(BD-RjUL)38445
040 _aBD-RjUL
_bben
_cBD-RjUL
041 _aben
082 _a297.1221
_bRAQ 1980
_223
100 1 _aরহমান, মুহাম্মদ মুজীবুর
_9118497
245 1 0 _aকুরআনের চিরন্তন মু'জিযা /
_cমুহাম্মদ মুজীবুর রহমান
250 _a১ম প্রকাশ
260 _aঢাকা :
_bইসলামিক ফাউন্ডেশন,
_c১৯৮০.
300 _axxiv, ৩৪৪ পৃ. ;
_c২২ সেমি.
490 _aই. ফা. প্রকাশনা ;
_v৮৪৪
650 _aকুরআন
_xসত্যতা
_9237111
650 _aThe Quran
_xAuthenticity
_9237112
830 _aই. ফা. প্রকাশনা ;
_v৮৪৪
_9228218
942 _2ddc
_cBK
999 _c38340
_d38340